Πληροφόρηση και δημιουργικότητα επιδράσεις της πληροφορίας στη δημιουργικότητα και τη δημιουργική βιομηχανία :
Αποθηκεύτηκε σε:
| Κύριος συγγραφέας: | |
|---|---|
| Μορφή: | Βιβλίο |
| Γλώσσα: | Greek |
| Δημοσίευση: |
Θεσσαλονίκη :
Επίκεντρο,
2017.
|
| Θέματα: | |
| Ετικέτες: |
Προσθήκη ετικέτας
Δεν υπάρχουν, Καταχωρήστε ετικέτα πρώτοι!
|
MARC
| LEADER | 00000cam a2200000 a 4500 | ||
|---|---|---|---|
| 001 | 1/115889 | ||
| 008 | 180212s2017####gr | ||| |||| ||gre|| | ||
| 020 | |a 9789604587612 | ||
| 040 | |a GR-MyUa |b gre |c GR-MyUa |e AACR2 | ||
| 041 | 0 | |a gre | |
| 082 | 7 | |a 003.54 |2 (23) | |
| 100 | 1 | |a Λαβράνος, Χαρίλαος. | |
| 245 | 1 | 0 | |a Πληροφόρηση και δημιουργικότητα / |b επιδράσεις της πληροφορίας στη δημιουργικότητα και τη δημιουργική βιομηχανία : |c Χαρίλαος Λαβράνος. |
| 260 | |a Θεσσαλονίκη : |b Επίκεντρο, |c 2017. | ||
| 300 | |a 196 σ. : |b πίν., σχήμ. ; |c 24 εκ. | ||
| 500 | |a Περιέχει κατάλογο πινάκων και σχημάτων. | ||
| 500 | |a Περιέχει συντομογραφίες. | ||
| 500 | |a Περιέχει παράρτημα. | ||
| 504 | |a Βιβλιογραφία: σ. [167]-182. | ||
| 504 | |a Περιέχει κατάλογο / ευρετήριο κύριων όρων. | ||
| 650 | 0 | |a Information technology. | |
| 650 | 0 | |a Creativity in science. | |
| 650 | 0 | |a Music and science. | |
| 650 | 0 | |a Communication |x Research |x Methodology. | |
| 852 | |a INST |b RHODES |e 20191004 |h 003.54 ΛΑΒ |p 005400041176 |q 005400041176 |t BK |y 0 | ||
| 852 | |a INST |b RHODES |c EUDOXUS |e 20180212 |h 003.54 ΛΑΒ |p 005400039848 |q 005400039848 |t EDX |y 0 | ||
| 920 | |a Εύδοξος |b Παραγγελία |y Ρόδος-ΠΤΔΕ |z 2018-01 | ||
| 970 | |z 12-02-2018 | ||